000 00616nam a22002297a 4500
003 UA-OsUOA
001 96267
007 ta
008 20130318b un ||||| |||| 00| 0 ukr d
100 _aКондратьев В.
090 _a821.161.1
_bК 64
942 _cBK
040 _aUA-OsUOA
_brus
_cUA-OsUOA
_dUA-OsUOA
245 _aНадежная кровля
_bрассказы
300 _a143 с.
955 _a3
041 _arus
080 _a821.161.1
260 _aДонецьк
_bДонбас
_c1986
650 7 _a82 Література. Літературознавство
_2UDC
999 _c382518
_d382518